书目信息 |
| 题名: |
电器学
|
|
| 作者: | 塔耶夫 , Таев 著 ;任耀选 译 | |
| 分册: | ||
| 出版信息: | 北京 机械工业出版社 1981 |
|
| 页数: | 368页 | |
| 开本: | 19cm | |
| 丛书名: | ||
| 单 册: | ||
| 中图分类: | TM501 , TM50 | |
| 科图分类: | ||
| 主题词: | 电器学 , 电器 | |
| 电子资源: | ||
| ISBN: | ||
| 000 | 00952nam0 2200325 45 | |
| 001 | 0181003927 | |
| 005 | 20061121161456.71 | |
| 010 | @dCNY1.45 | |
| 091 | @b15033.5065 | |
| 100 | @a19950616d1981 em y0chiy0121 ea | |
| 101 | 1 | @achi@crus |
| 102 | @aCN@b110000 | |
| 105 | @ay z 000yy | |
| 106 | @ar | |
| 200 | 10 | @a电器学@e基本理论@EJi Ben Li Lun@Adian qi xue@f(苏)塔耶夫(И.С.Таев)著@g任耀选译 |
| 210 | @a北京@c机械工业出版社@d1981 | |
| 215 | @a368页@d19cm | |
| 300 | @a书名原文:Электрические аппараты | |
| 510 | 1 | @aЭлектрические аппараты@zrus |
| 517 | @a基本理论@AJi Ben Li Lun | |
| 606 | @a电器学 | |
| 606 | 0 | @a电器 |
| 690 | @aTM501@v3 | |
| 690 | @aTM50 | |
| 701 | 1 | @a塔耶夫@Ata ye fu@bИ.С.@4著 |
| 701 | A1 | @aТаев@bИ.С.@4著 |
| 702 | 0 | @a任耀选@Aren yao xuan@4译 |
| 801 | 0 | @aCN@b上海图书馆@c20061121 |
| 801 | 2 | @aCN@bNLC@c20040521 |
| 905 | @f1@b55191@dTM501@e1 | |
| 电器学:基本理论/(苏)塔耶夫(И.С.Таев)著/任耀选译.-北京:机械工业出版社,1981 |
| 368页;19cm |
| 书名原文:Электрические аппараты |
| ISBN :CNY1.45 |
| ● |
| 相关链接 |
|
|
|
|
正题名:电器学
索取号:TM501/1
 
预约/预借
| 序号 | 登录号 | 条形码 | 馆藏地/架位号 | 状态 | 备注 |
| 1 | 0055191 | 001345262 | 第三借阅区/ [索取号:TM501/1] | 在馆 | |
| 2 | 0055192 | 001345226 | 第二样本阅览室/ [索取号:TM501/1] | 在馆 |